000 01042nam0a22002651 4500
001 rc\203633
005 20260406104801.0
010 _a5-7420-0557-1
_910000
035 _a(NLR Aleph) 005455862
090 _a4906280
_c4906280
100 _a20030307d1993 |||y0rusy50 ca
101 0 _arus
102 _aRU
105 _ay |||||||||
200 1 _aКстовский характер
_e[Кстов. шк. самбо]
210 _aН. Новгород
_cВолго-Вят. кн. изд-во
_d1993
215 _a173, [2] с.
_d22
300 _aИзд. на средства Нижегор. произв. об-ния "Нефтеоргсинтез"
700 1 _aТяпков
_bА.С.
_gАлександр Степанович
712 0 2 _aКстовская специализированная детско-юношеская спортивная школа олимпийского резерва
_3RU\NLR\AUTH\883554
_9278408
801 0 _aRU
_bNLR
_gpsbo
801 1 _aRU
_bELAR
_2rusmarc
852 _aNLR
_j94-5/44
942 _cBOOK
980 _aNB